| Tag |
First Indicator |
Second Indicator |
Subfields |
| LEADER |
00000cam a2200000 i 4500 |
| 001 |
in00000670513 |
| 005 |
20151015081135.0 |
| 008 |
791220s1979 dcu 10010 eng |
| 010 |
|
|
|a 79055341
|
| 020 |
|
|
|a 0844733555
|
| 035 |
|
|
|a (OCoLC)05889914
|
| 035 |
|
|
|9 ACX7403AM
|
| 040 |
|
|
|a DLC
|c DLC
|d OCL
|d TXA
|d UtOrBLW
|
| 043 |
|
|
|a n-us---
|
| 049 |
|
|
|a TXAM
|c [1421279]
|
| 050 |
0 |
0 |
|a HD9502.U52
|b S46 1979
|
| 082 |
0 |
|
|a 333.79/15/0973
|
| 111 |
2 |
|
|a Seminar on Energy Policy
|d (1979 :
|c Washington, D.C.)
|
| 245 |
1 |
0 |
|a Seminar on Energy Policy :
|b the Carter proposals /
|c Edward J. Mitchell, editor ; Morris A. Adelman [and others].
|
| 264 |
|
1 |
|a Washington :
|b American Enterprise Institute for Public Policy Research,
|c [1979]
|
| 264 |
|
4 |
|c ©1979
|
| 300 |
|
|
|a 29 pages ;
|c 23 cm.
|
| 336 |
|
|
|a text
|b txt
|2 rdacontent
|
| 337 |
|
|
|a unmediated
|b n
|2 rdamedia
|
| 338 |
|
|
|a volume
|b nc
|2 rdacarrier
|
| 490 |
1 |
|
|a AEI studies ; 252
|
| 650 |
|
0 |
|a Energy policy
|z United States
|v Congresses.
|
| 700 |
1 |
|
|a Mitchell, Edward John,
|d 1937-
|
| 700 |
1 |
|
|a Adelman, M. A.
|q (Morris Albert),
|d 1917-2014.
|
| 830 |
|
0 |
|a AEI studies ;
|v 252.
|
| 999 |
|
|
|a MARS
|
| 999 |
f |
f |
|s e19f1e76-a4bf-394a-92dc-6f836c196912
|i 53ef84fc-c431-3097-96bf-4da770c1a0c6
|t 0
|
| 952 |
f |
f |
|p ric
|a Texas A&M University
|b Rellis Campus
|c Joint Library Facility
|d Remote Storage
|t 0
|e HD9502.U52 S46 1979
|h Library of Congress classification
|i unmediated -- volume
|m A14802724788
|
| 998 |
f |
f |
|a HD9502.U52 S46 1979
|t 0
|l Remote Storage
|